| 000 | 01075nam0a22003011 4500 | ||
|---|---|---|---|
| 001 | v19\rc\1671106 | ||
| 005 | 20250619013509.0 | ||
| 035 | _a(NLR Aleph) 004778630 | ||
| 090 |
_a4663673 _c4663673 |
||
| 100 | _a20061002d1893 |||y0rusy50 ca | ||
| 101 | 1 |
_arus _afre _cfre |
|
| 102 | _aRU | ||
| 105 | _ay z ||||| | ||
| 200 | 1 |
_a"L'avare" _eComedie en cinq actes _e(Éd. epurée) _eДля чтения в учеб. заведениях снабдил объясн. В.С. Игнатович _fJ.B. Poquelin-Moliere |
|
| 210 |
_aСанкт-Петербург _cД.Д. Полубояринов _d1893 |
||
| 215 |
_aXIX, [3], 72, 47 с. _d20 |
||
| 300 | _aНа тит. л.: Вып. 1 | ||
| 300 | _aТекст на фр. яз. | ||
| 532 | 1 | 3 | _aL'avare |
| 700 | 0 |
_aМольер _f1622-1673 |
|
| 702 | 1 |
_aИгнатович _bВ.С. _f1837-1902 _gВитольд Станиславович _4730 |
|
| 801 | 0 |
_aRU _bNLR _gpsbo |
|
| 801 | 0 |
_aRU _bRuMoRGB _2psbo |
|
| 801 | 1 |
_aRU _bProSoft-M _2rusmarc |
|
| 852 |
_aNLR _j18.33.4.2 |
||
| 899 |
_aRuMoRGB _jA 202/132 |
||
| 942 | _cBOOK | ||
| 980 | _aNB | ||